| 000 | 02947cam a22005054i 4500 | ||
|---|---|---|---|
| 003 | PE-LiUPU | ||
| 005 | 20250731173118.0 | ||
| 008 | 200123s2012 inua rb 000 0 eng d | ||
| 020 | _a1575062364 | ||
| 020 | _a9781575062365 | ||
| 035 | _a(Sirsi) a252797 | ||
| 040 |
_aPE-LiUPU _bspa _cPE-LiUPU _erda |
||
| 049 | _aPRUA | ||
| 082 | 0 | 4 |
_a203.409394 _bS1 _223 |
| 245 | 0 | 0 |
_aSacred killing : _bthe archaeology of sacrifice in the ancient Near East / _cedited by Anne M. Porter and Glenn M. Schwartz. |
| 264 | 1 |
_aWinona Lake, Indiana : _bEisenbrauns, _c2012. |
|
| 300 |
_avii, 328 páginas : _bilustraciones ; _c26 centímetros |
||
| 336 |
_atext _2rdacontent |
||
| 337 |
_aunmediated _2rdamedia |
||
| 338 |
_aunmediated _2rdamedia |
||
| 504 | _aIncluye bibliografía al final de cada capítulo. | ||
| 505 | 0 | _aArchaeology and Sacrifice / Glenn M. Schwartz -- On Cakti-Filled Bodies and Divinities : an Ethnographic Perspective on Animal Sacrifice and Ritual in Contemporary South India, with an Introduction by Anne Porter / Gillian Goslinga -- Sociopolitical Implications of Neolithic Foundation Deposits and the Possibility of Child Sacrifice : a Case Study at Catalhoeyuek, Turkey / Sharon Moses -- Hunting Sacrifice at Neolithic Catalhoeyuek / Nerissa Russell -- On Human and Animal Sacrifice in the Late Neolithic at Domuztepe / Elizabeth Carter -- Bludgeoned, Burned, and Beautified : Reevaluating Mortuary Practices in the Royal Cemetery of Ur / Aubrey Baadsgaard, Janet Monge, and Richard L. Zettler -- Restoring Order : Death, Display, and Authority / Jill A. Weber -- Mortal Mirrors : Creating Kin through Human Sacrifice in Third Millennium Syro-Mesopotamia / Anne M. Porter -- Scripts of Animal Sacrifice in Levantine Culture-History / Brian Hesse, Paula Wapnish, and Jonathan Greer -- Human and Animal Sacrifice at Galatian Gordion : the Uses of Ritual in a Multi-ethnic Community / Mary M. Voigt -- Sacrifice in the Ancient Near East : Offering and Ritual Killing / Beate Pongratz-Leisten -- On Sacrifice : an Archaeology of Shang Sacrifice / Roderick Campbell. | |
| 526 | _aSEG42 | ||
| 526 | _aSEG41 | ||
| 526 | _aSEG40 | ||
| 526 | _aSEG39 | ||
| 526 | _aP94 | ||
| 526 | _aP87 | ||
| 526 | _aP86 | ||
| 526 | _aP85 | ||
| 526 | _aP77 | ||
| 526 | _aP76 | ||
| 526 | _aP35 | ||
| 650 | 0 | 7 |
_aArqueologia social _xCercano Oriente. |
| 650 | 0 | 4 |
_aSacrificios _xCercano Oriente _xHistoria _yHasta 1500. |
| 650 | 0 | 4 | _aRitos y cremonias. |
| 700 | 1 |
_aPorter, Anne, _eeditor. |
|
| 700 | 1 |
_aSchwartz, Glenn M., _eeditor. |
|
| 910 |
_adbm _bncf _cncf _d20200123 |
||
| 942 |
_2ddc _cBOOK |
||
| 994 |
_aC0 _bPEPRU |
||
| 596 | _a1 | ||
| 999 |
_a203.409394 S1 _wLC _c32017 _i80982 _f2021-11-9 _g2 _lCCODEBUL1 _mBUL _p64.99 _r0 _sY _tBOOK _u2020-1-23 _xTEOLOGIA _PP35 _0DONACION _o.STAFF. Colección Teología _d32017 |
||
| 980 |
_81 _gALBERTO SANCHEZ Responsable de Automatización |
||